000 00596nam a2200205Ia 4500
003 GCL
008 140319s9999 xx 000 0 ara d
040 _aGCL /
_cGCL
082 0 4 _a953.809
_bع ح
100 1 _aعرفان نظام الدين
245 1 0 _aحرب الخليج وجذور الوحدة العربية /
_cعرفان نظام الدين
260 _a[S.N] :
_bدار الساقى ،
_c1991
300 _a109 ص
490 _a
650 0 4 _aالكويت
650 0 4 _aالعراق
650 0 4 _aحرب الخليج
650 0 4 _aالكويت - تاريخ
942 _2ddc
_cBK
999 _c30792
_d30792